00640naa#a2200193#i#4500001002200000005001700022011001400039100004100053102000700094200008700101210005100188215001100239608002700250675006600277700001900343700005200362700001800414856001400432EN\INFRA-M\bibl\3458720260511041823.1##a2500-3291##a20191225b2019####ek#y0engy0150####ca##aRU1#aManagement decision-making methods based on queuing theory toolseJournal article1#aMoscowcINFRA-M Academic Publishing LLC.d2019##a20 с.##aJournal article2local##aЭкономика. Экономические науки. 33#1aTebekingA. V.#1aMitropol'skaya-RodionovagNadezhda Vladimirovna#1aHorevagA. V.4#azh-szf.ru